Royal Residences of the United Kingdom - Statistics

General Stats
  • This quiz has been taken 108 times
  • The average score is 5 of 9
Answer Stats
Picture Answer % Correct
Buckingham Palace
100%
Windsor Castle
96%
Balmoral Castle
77%
Kennsington Palace
62%
Sandringham House
62%
Clarence House
49%
St James's Palace
44%
Holyroodhouse
16%
Hillsborough Castle
10%
No matching quizzes found
Score Distribution
Percent of People with Each Score
Percentile by Number Answered
Your Score History
You have not taken this quiz